[Event "LUX-ch U12"]
[Site "Luxembourg"]
[Date "1998.02.21"]
[Round "1"]
[White "Saraiva, Ricardo"]
[Black "Jeitz, Christian"]
[Result "0-1"]
[WhiteElo "1400"]
[BlackElo "1720"]
[PlyCount "82"]
[EventDate "1998.??.??"]
[EventType "tourn"]
[EventRounds "3"]
[EventCountry "LUX"]
[SourceTitle "EXT 2003"]
[Source "ChessBase"]
[SourceDate "2002.11.25"]
[SourceVersion "1"]
[SourceVersionDate "2002.11.25"]
[SourceQuality "1"]

1. e4 c5 2. c3 d5 3. e5 Nc6 4. Bb5 Bd7 5. Bxc6 Bxc6 6. Nf3 e6 7. d4 cxd4 8. Nxd4 Qc7 9. Nxc6 bxc6 10. Qe2 Ne7 11. 0-0 Ng6 12. f4 Bc5+ 13. Be3 Bxe3+ 14. Qxe3 0-0 15. Nd2 Rab8 16. b3 c5 17. Rac1 Ne7 18. Rb1 Nf5 19. Qf3 Qb6 20. Kh1 Qa5 21. a4 d4 22. Rfc1 Rfd8 23. Nc4 Qa6 24. g4 Ne7 25. f5 Qc6 26. Qxc6 Nxc6 27. f6 gxf6 28. exf6 dxc3 29. Rxc3 Nd4 30. Nd2 Ne2 31. Rc2 Rd4 32. h3 Nf4 33. Rxc5 Rxd2 34. Rbc1 Rdd8 35. R1c4 Nd5 36. a5 Nxf6 37. Rc7 Rxb3 38. Rxa7 Rd1+ 39. Kh2 Rd2+ 40. Kg1 Rb1+ 41. Rc1 Rxc1# 0-1